| 000 | 01168nam a2200337 a 4500 | ||
|---|---|---|---|
| 003 | MX-MxUPN | ||
| 005 | 20241017114634.0 | ||
| 008 | 991125q1976 sp gr 000 0 spa d | ||
| 020 | _a8432113190 | ||
| 035 | _aUPN01000038920 | ||
| 040 |
_aMX-MxUPN _bspa _cMX-MxUPN |
||
| 041 |
_aspa _heng |
||
| 050 | 4 |
_aH62 _bR458 1976 |
|
| 100 | 1 |
_954185 _aSelltiz, Claire |
|
| 100 | 1 |
_954186 _aJahoda, Marie |
|
| 100 | 1 |
_936412 _aDeutsch, Morton, _d1920- |
|
| 100 | 1 |
_954187 _aCook, S. W. |
|
| 240 | 1 | 0 |
_aResearch methods in social relations. _lEspañol |
| 245 | 1 | 0 | _aMétodos de investigación en las relaciones sociales |
| 250 | _aOctava edición | ||
| 260 |
_aMadrid : _bEdiciones Rialp, _c1976. |
||
| 300 | _a670 páginas | ||
| 490 | 0 |
_aBiblioteca de educación y ciencias sociales. Técnicas y estudios experimentales ; _v6 |
|
| 504 | _aIncluye bibliografía. | ||
| 650 | 4 |
_aCiencias sociales _xInvestigación _97497 |
|
| 700 | 1 |
_aRico Vercher, Manuel, _etraducción _954184 _d1931- |
|
| 710 | 2 |
_928086 _aInstituto Nacional de Investigación Educativa (México) _epropietario anterior |
|
| 902 | _bMaríaRobles/171024 | ||
| 905 | _aLibro | ||
| 942 |
_2lcc _cLIBRO _n0 |
||
| 999 |
_c38920 _d38920 |
||